| 000 | 00708nam a2200205 a 4500 | ||
|---|---|---|---|
| 001 | 22605 | ||
| 003 | CO-ViMGA | ||
| 008 | 141112s2004 ck r 000 u spa d | ||
| 040 |
_aCO-ViMGA _bspa _cCO-ViMGA |
||
| 082 | 0 | 4 | _a839.8236 G117c |
| 100 | 1 |
_aGaarder, Jostein _920803 |
|
| 245 | 1 | 0 | _aEl castillo de las ranas |
| 260 |
_aMadrid : _bSiruela, _c1999 |
||
| 300 | _a140 | ||
| 505 | _aLa luz de la luna 13 - - Renacuajo 27 - - Las salamandras 39 - - El corazon del rey 53 - - Sin corazon 101 | ||
| 590 | _aForma de adquisición : Compra - - Precio : 45000 - - Proveedor : Dismet - - Fecha de adquisición : 2008 | ||
| 650 | 1 | 4 |
_aHISTORIAS DE AVENTURAS _9870 |
| 650 | 1 | 4 | _aNOVELA NORUEGA |
| 942 |
_2ddc _cBK |
||
| 999 |
_c30906 _d30906 |
||